000 00500cam a2200181ua 4500
003 OSt
008 250415b |||||||| |||| 00| 0 eng d
020 _a07 084135 7
041 _aeng
082 _a624.15136
_bATK/ME
100 _aAtkinson, J H .
_97412
245 _aMechanics of soils: an introduction to critical state soil mechanics /
250 _a1 /
260 _aNew York :
_bMcGraw Hill Book Company ,
_c1982.
300 _a375 ; .
700 1 _aBransby, P L .
_97413
942 _cBK
999 _c5568
_d5568